000 00888cab a2200229 4500
001 ABS46681
008 090401t1992 xxu||||| |||| 00| 0 eng d
035 _a(Sirsi) u59158
041 _aeng
100 _aLevine, M.
245 4 _aThe clerk of works
260 _c1992
350 _a0
490 _aEstates Gazette
_v(9228) 18 July 1992, 82-83(2)
520 _aExamines the role of the clerk of works who is employed by an employer under a building contract but is under the direction of the architect or a superintending officer on site; and is traditionally seen as the eyes and ears of the employer, watching the progress of the contractors work but with no power to direct him.
650 _aCLERK OF WORKS
650 _aJCT STANDARD FORM OF BUILDING CONTRACT (1980 EDITION)
690 _aBUILT ENVIRONMENT
700 _aCrilly, S.
942 _n0
948 _c04/03/1997
999 _c36254
_d36254